Auteur | Œuvre - Statistiques

Statistiques générales
  • Ce quiz a été pris 263 fois
  • Le résultat moyen est 48 sur 126
Statistiques - réponses
Hint Réponse % Correct
L'Etranger Camus
94%
Notre-Dame de Paris Hugo
88%
L'Avare Molière
83%
Germinal Zola
80%
Le Tartuffe Molière
79%
Les Misérables Hugo
78%
L'assomoir Zola
75%
Le père Goriot Balzac
72%
Les Fleurs du mal Baudelaire
72%
Le Rouge et le Noir Stendhal
72%
Candide Voltaire
72%
Madame Bovary Flaubert
71%
Zadig Voltaire
70%
Lettres persanes Montesquieu
69%
Peste Camus
66%
Le Cid Corneille
66%
Les Trois Mousquetaires Dumas
66%
Boule de suif Maupassant
64%
Gargantua Rabelais
64%
Phèdre Racine
64%
Voyage au bout de la nuit Céline
63%
Dom Juan Molière
63%
Cyrano de Bergerac Rostand
63%
La princesse de Clèves Madame de la Fayette
62%
Horla Maupassant
62%
A la recherche du temps perdu Proust
62%
Rhinocéros Ionesco
60%
L'Education sentimentale Flaubert
59%
Pantagruel Rabelais
59%
Au Bonheur des dames Zola
59%
Hernani Hugo
57%
Les Contemplations Hugo
56%
Andromaque Racine
54%
La Peau de chagrin Balzac
53%
Thérèse Raquin Zola
53%
Mémoires d' outre tombe Chateaubriand
51%
Jacques le Fataliste Diderot
51%
Alcools Apollinaire
50%
La Cantatrice chauve Ionesco
50%
Britannicus Racine
50%
La Chartreuse de Parme Stendhal
50%
Le Mythe de Sisyphe Camus
49%
Les essais Montaigne
49%
Eugenie Grandet Balzac
48%
La Condition humaine Malraux
48%
Une Vie Maupassant
48%
Huis Clos Sartre
48%
Les liaisons dangereuse Laclos
47%
La Nausée Sartre
46%
Le Colonel Chabert Balzac
45%
Mariage de Figaro Beaumarchais
45%
Poèmes saturniens Verlaine
45%
Illusions perdues Balzac
44%
Emile ou l'éducation Rousseau
44%
On ne badine pas avec l'amour Musset
42%
Les Confessions Rousseau
40%
En attendant Gogot Beckett
39%
Les Mouches Sartre
39%
L'Esprit des lois Montesquieu
38%
Lorenzaccio Musset
38%
Calligrames Apollinaire
37%
Les Yeux d'Elsa Aragon
37%
Le Barbier de Séville Beaumarchais
37%
Les Mots Sartre
37%
Les Faux Monnayeurs Gide
35%
Salammbô Flaubert
33%
les caractères La Bruyère
33%
Une Saison en enfer Rimbaud
33%
La Reine Margot Dumas
31%
Carmen Mérimée
31%
les Paradis artificiels Baudelaire
30%
Caligula Camus
30%
Le Hussard sur le toit Giono
30%
Les Châtiments Hugo
30%
Paroles Prevert
30%
Le Lys dans la vallée Balzac
28%
René Chateaubriand
28%
Les Fausses Confidences Marivaux
28%
Traité sur la Tolérance Voltaire
27%
L'illusion comique Corneille
25%
Ubu roi Jarry
25%
Sonnets pour Hélène Ronsard
25%
Homme révolté Camus
24%
Le Neveu de Rameau Diderot
24%
Le Roi se meurt Ionesco
24%
Dictionnaire philosophique Voltaire
24%
Cromwell Hugo
23%
Les Chouans Balzac
22%
Illuminations Rimbaud
22%
Petits poèmes en prose Baudelaire
21%
Les Nourritures terrestres Gide
21%
La confession d'un enfant du siècle Musset
21%
Le Quart Livre Rabelais
19%
Aurélien Aragon
18%
Les Chaises Ionesco
18%
Contes de la Bécasse Maupassant
18%
Sous le soleil de satan Bernanos
17%
Trois contes Flaubert
17%
Regain Giono
17%
Columba Mérimée
17%
Fin de partie Beckett
16%
Colline Giono
16%
Le Parti pris des choses Ponge
16%
Les Amours Ronsard
16%
Médiations poétiques Lamartine
15%
Maximes La Rochefoucauld
15%
Les Regrets Du Bellay
14%
Capitale de la douleur Eluard
14%
Un Roi sans divertissement Giono
14%
Enfance Sarraute
14%
Fêtes galantes Verlaine
14%
L'Espoir Malraux
12%
L'Art poétique Boileau
11%
Défenses et Illustration... Du Bellay
11%
Pour un nouveau roman Robbe-Grillet
9%
Planétarium Sarraute
8%
Romances sans paroles Verlaine
8%
Oh les beaux jours Beckett
7%
La Jalousie Robbe-Grillet
7%
Les Fleurs Bleues Queneau
6%
Les Gommes Robbe-Grillet
6%
Les Chimères Nerval
5%
Fureur et mystère Char
4%
Les Nuits Musset
4%
Charmes Valery
3%
Sagesse Verlaine
3%
Aucun quiz correspondant
Distribution des résultats
% des personnes avec chaque résultat
Percentile par nombre de réponses
Votre historique - résultats
Vous n’avez pas pris ce quiz